| 000 | 00980nam a22003137a 4500 | ||
|---|---|---|---|
| 001 | 0004249 | ||
| 003 | KOHA_MİRAKIL | ||
| 005 | 20260207001405.0 | ||
| 007 | ta | ||
| 008 | 090420b2001 tu |||gr||||#||||0|tur | | ||
| 020 | _a9758431366 | ||
| 040 |
_aTR-BiSEU _btur _cTR-BiSEU _erda |
||
| 041 | 0 | _atur | |
| 044 | _ctu | ||
| 050 |
_aHD75 _b.J66 2001 |
||
| 100 | 1 | _aJones, Charles I.. | |
| 245 | 1 |
_aİktisadi büyümeye giriş= Introduction to economic growth/ _cCharles I. Jones ; Charles I. Jones; çeviren Sanlı Ateş, İsmail Tuncer. |
|
| 264 | 1 |
_aİstanbul : _bLiteratür _c2001 |
|
| 300 | _aXIV, 204 sayfa: resimli | ||
| 336 |
_ametin _btxt _2rdacontent |
||
| 337 |
_aaracısız _bn _2rdamedia |
||
| 338 |
_acilt _bnc _2rdacarrier |
||
| 490 | 1 |
_aLiteratür yayınları ; _v56. |
|
| 500 | _aKaynakça var. | ||
| 650 | 0 |
_aEkonomik kalkınma. _97651 |
|
| 650 | 0 |
_aEkonomik göstergeler. _910423 |
|
| 830 | 1 |
_aLiteratür yayınları ; _v56. _92210 |
|
| 942 |
_2lcc _cBK |
||
| 999 |
_c4232 _d4232 |
||